| 000 | 00550cam a22001697a 4500 | ||
|---|---|---|---|
| 008 | 180718b2009 xxu||||| |||| 00| 0 eng d | ||
| 020 | _a9781868423507 | ||
| 082 | _aA99 M459/G336 | ||
| 100 | _aGevisser, Mark | ||
| 245 |
_aThabo Mbeki: the dream dererred _cby Mark Gevisser |
||
| 260 |
_aJohanesburg _bJonathan Ball _c2009 |
||
| 300 | _a376p. | ||
| 650 | _aSouth Africa --Politics and government --1948-1994 | ||
| 650 | _aSouth Africa --Politics and government --1994- | ||
| 650 | _aPresidents --South Africa --Biography | ||
| 650 | _aMbeki, Thabo | ||
| 999 |
_c500097 _d500097 |
||